书目信息 |
| 题名: |
计算机基础教程
|
|
| 作者: | 王玫本 | |
| 分册: | ||
| 出版信息: | 北京 清华大学出版社 1984.06 |
|
| 页数: | 422页 | |
| 开本: | 19cm | |
| 丛书名: | ||
| 单 册: | ||
| 中图分类: | TM11 | |
| 科图分类: | ||
| 主题词: | 电工单位 , 电工--计算 | |
| 电子资源: | ||
| ISBN: | 978-7-5649-3775-1 | |
| 000 | 00552nam0 2200205 45 | |
| 001 | 0308271081 | |
| 005 | 20030827104458.0 | |
| 010 | @a978-7-5649-3775-1@dRMB1.40 | |
| 100 | @a20030827d1984 km y0chiy0120 ea | |
| 101 | @achi | |
| 105 | @a z 000yy | |
| 200 | 1 | @a计算机基础教程@Aji suan ji ji chu jiao cheng@f王玫本@Fwang mei ben |
| 210 | @a北京@c清华大学出版社@d1984.06 | |
| 215 | @a422页@c无图表@d19cm | |
| 606 | 0 | @a电工单位 |
| 606 | 0 | @a电工@x计算 |
| 690 | @aTM11@v3 | |
| 701 | 0 | @a王玫本 |
| 801 | @aCN@b@c20030827 | |
| 905 | @aBZT@dTM11@e101 | |
| 计算机基础教程/王玫本.-北京:清华大学出版社,1984.06 |
| 422页:无图表;19cm |
| ISBN 978-7-5649-3775-1:RMB1.40 |
| ● |
| 相关链接 |
|
|
|
正题名:计算机基础教程
索取号:TM11/101
 
预约/预借
| 序号 | 登录号 | 条形码 | 馆藏地/架位号 | 状态 | 备注 |
| 1 | 2486 | 200498336 | 中心书库中库/ 中库029架B面3列6层22/ [索取号:TM11/101] | 在馆 | |
| 2 | 2487 | 200498327 | 中心书库中库/ 中库029架B面3列6层23/ [索取号:TM11/101] | 在馆 |